New values in higher education : (Record no. 163699)

MARC details
000 -LEADER
fixed length control field 00584nam a22001817a 4500
005 - DATE AND TIME OF LATEST TRANSACTION
control field 20190426114212.0
010 ## - LCCN (DPL NO)
LC control number ENG-125087
020 ## - INTERNATIONAL STANDARD BOOK NUMBER
International Standard Book Number 9789382699071
Terms of availability 600.00
035 ## - SYSTEM CONTROL NUMBER
System control number EN-108619
037 ## - SOURCE OF ACQUISITION
Source of stock number/acquisition DBAD/PUB
082 ## - DEWEY DECIMAL CLASSIFICATION NUMBER
Classification number 378.1
100 ## - MAIN ENTRY--PERSONAL NAME
Personal name Maitin, T.P.
245 ## - TITLE STATEMENT
Title New values in higher education :
Remainder of title concepts and components/
Statement of responsibility, etc by T.P. Maitin
260 ## - PUBLICATION, DISTRIBUTION, ETC. (IMPRINT)
Place of publication, distribution, etc Delhi
Name of publisher, distributor, etc Priya Sahitya Sadan
Date of publication, distribution, etc 2014
270 ## - ADDRESS
Address 2226/B, Street No. 33, First Pusta
City Sonia Vihar
Postal code 110094
Electronic mail address pawan.68srivastava@gmail.com
300 ## - PHYSICAL DESCRIPTION
Extent 247p.
Dimensions 22cm(Hb)
942 ## - ADDED ENTRY ELEMENTS (KOHA)
Source of classification or shelving scheme Dewey Decimal Classification
Item type English Books
Classification part 378.1
Call number suffix MAI
Holdings
Withdrawn status Lost status Not for loan Collection code Home library Current library Date acquired Cost, normal purchase price Full call number Barcode Copy number Cost, replacement price Koha item type
    Not For Loan Non-fiction D.B.Act.Division Ashok Vihar 26/04/2019 600.00 378.1 MAI EN-108619 1 600.00 English Books
        D.B.Act.Division Ashok Vihar 02/05/2019   378.1 MAI       English Books

© Delhi Public Library
Hit Counter
free hit counter